000 00844nam a2200265Ia 4500
003 OSt
005 20220918170401.0
006 a|||||r|||| 00| 0
007 ta
008 220917b |||||||| |||| 00| 0 eng d
020 _a9780199476077 (pbk)
_cINR 495.00
024 _a326,613
037 _bBBS/99, 25/01/2018, Better Book Services
_cTextual
040 _aARTS
_cARTS
_beng
041 _2eng
_aeng
082 _aO1591,3NNA,BE, 111Q7
100 _aNaik Akhila Au.
_928726
245 0 _aBheda
260 _aNew Delhi
_bOxford University Press India
_c2017
300 _axliv,107p.
_ccm.
650 _aORIYA LITERATURE
_927692
700 _a Raj Kumar Tr.
_928727
942 _hO1591,3NNA,BE, 111Q7
_cTEXL
_2CC
999 _c133911
_d133911